| 000 | 01031 a2200265 4500 | ||
|---|---|---|---|
| 003 | Nust | ||
| 005 | 20230130133725.0 | ||
| 010 | _a 88040123 | ||
| 020 | _a0679720197 : | ||
| 040 | _cNust | ||
| 082 | 0 | 0 | _a909.82,KEN |
| 100 | 1 |
_aKennedy, Paul M., _91495 |
|
| 245 | 1 | 4 |
_aThe rise and fall of the great powers : _beconomic change and military conflict from 1500 to 2000 / _cby Paul Kennedy. |
| 250 | _a1st Vintage Books ed. | ||
| 260 |
_aNew York : _bVintage Books, _c1989, c1987. |
||
| 300 |
_axxv, 677 p. : _bmaps ; _c21 cm. |
||
| 505 | _aStrategy and Economics in the Preindustrial World (Page-3), Strategy and Economics in the Industrial Era (Page-183), Strategy and Economics Today and Tomorrow (Page-447). | ||
| 650 | 0 | _aBalance of power. | |
| 650 | 0 | _aEconomic history. | |
| 650 | 0 | _aHistory, Modern. | |
| 650 | 0 | _aMilitary history, Modern. | |
| 650 | 0 |
_aMilitary readiness _xEconomic aspects. |
|
| 856 | 4 | 2 |
_3Publisher description _uhttp://www.loc.gov/catdir/description/random042/88040123.html |
| 942 |
_2ddc _cBK |
||
| 999 |
_c185822 _d185822 |
||